2005 Songs - Statistics

General Stats
  • This quiz has been taken 24 times
  • The average score is 14 of 30
Answer Stats
Song Artist % Correct
Hollaback Girl Gwen Stefani
90%
Boulevard of Broken Dreams Green Day
85%
Gold Digger Kanye West & Jamie Foxx
85%
Like Toy Soldiers Eminem
75%
You're Beautiful James Blunt
75%
Numb/Encore Jay-Z & Linkin Park
75%
Don't Cha Pussycat Dolls
75%
Because of You Kelly Clarkson
65%
Candy Shop 50 Cent
60%
Feel Good Inc. Gorillaz
60%
Hung Up Madonna
55%
We Belong Together Mariah Carey
55%
Don't Phunk With My Heart Black Eyed Peas
50%
Lonely Akon
45%
Run It! Chris Brown
45%
Speed of Sound Coldplay
45%
Sugar, We're Goin' Down Fall Out Boy
45%
Best of You Foo Fighters
40%
Get Right Jennifer Lopez
40%
Beverly Hills Weezer
40%
Helena My Chemical Romance
35%
If It's Lovin' That You Want Rihanna
35%
Lose Control Missy Elliott & Ciara
30%
Incomplete Backstreet Boys
25%
You and Me Lifehouse
25%
Before I Forget Slipknot
25%
He Wasn't Avril Lavigne
20%
B.Y.O.B. System of a Down
20%
I Just Wanna Live Good Charlotte
15%
Lights and Sounds Yellowcard
10%
No matching quizzes found
Score Distribution
Percent of People with Each Score
Percentile by Number Answered
Your Score History
You have not taken this quiz